La histeria y otras neurosis: rasgos del hombre actual
Na minha lista:
| Principais autores: | , , , |
|---|---|
| Outros Autores: | |
| Formato: | Livro |
| Idioma: | espanhol |
| Publicado em: |
Madrid
Ediciones Iberoamericanas Quorum S, A
1986
|
| Edição: | 1a. ed |
| coleção: | Biblioteca Básica de Psicología General, 5
|
| Assuntos: | |
| Tags: |
Adicionar Tag
Sem tags, seja o primeiro a adicionar uma tag!
|
MARC
| LEADER | 00000cam a2200000 a 4500 | ||
|---|---|---|---|
| 001 | UCE9414 | ||
| 003 | CL-VaPUC | ||
| 008 | 151022e19860000sp |||||||||||||||||spa|d | ||
| 020 | |a 848635272X | ||
| 082 | 0 | 4 | |a 155 |b HOZ |2 21 |
| 100 | |a Hoz Martínez, Ángela de la |e author |9 582247 | ||
| 700 | 0 | |a Benito, Luis F. de |e author |9 582248 | |
| 700 | 0 | |a González Serer, Milagros |e author |9 582249 | |
| 700 | 0 | |a Riesgo Rodríguez, Sagrario |e author |9 582250 | |
| 700 | |a Montejo Carrasco, Pedro |e autor |9 582251 | ||
| 245 | 1 | 3 | |a La histeria y otras neurosis: rasgos del hombre actual |
| 250 | |a 1a. ed | ||
| 300 | |a 169 p | ||
| 942 | |c BK | ||
| 945 | |d 20151022 17:18:00 |a dcastane | ||
| 260 | |a Madrid |b Ediciones Iberoamericanas Quorum S, A |c 1986 | ||
| 650 | 7 | |a PSICOLOGIA DIFERENCIAL |2 CL-VaPUC |9 309027 | |
| 650 | 7 | |a HISTERIA |2 CL-VaPUC |9 334741 | |
| 650 | 7 | |a PSICOSIS |2 CL-VaPUC |9 315438 | |
| 583 | |a last modification |c 20151022 17:18:00 |k Rodrigo Vera | ||
| 490 | 0 | |a Biblioteca Básica de Psicología General, 5 | |
| 999 | |c 361078 |d 361076 | ||
| 952 | |0 0 |1 0 |3 erd |4 0 |6 155_000000000000000_HOZ_1986 |7 0 |8 C |9 471401 |a BIBCUR |b BIBCUR |i 5205670 |l 1 |o 155 HOZ 1986 |p 5205670 |r 2025-04-22 |s 2023-03-29 |w 2019-11-24 |y BK |z Catalogado en:20151022 |k CAC | ||